000
00171nam a2200073Ia 4500
008
170620s9999 xx 000 0 und d
100
_a
Mohanka
245
0
_a
ENVIRONMENT EDUCATION VOL 2 SET
260
_b
APH
999
_c
26390
_d
26390